000 00431nam a2200193Ia 4500
999 _c9588
_d9588
003 0100
005 20170511101504.0
008 130303s9999 xx 000 0 und d
020 _a0852550731
040 _cARRUPELIB
050 _aDT433.558.T47 1991
245 _aThemes in Kenyan history
260 _bHeinemann
_aNairobi
_c1990
300 _a261p.
300 _b 21cm.
650 _aKenya
_xHistory
_918734
700 _aOchieng, William R. (ed.)
_930794
942 0 0 _01
_2lcc
_cMONOGRAPH